Statistics for Summer Olympics - Swimming

Click here to take the quiz!

General Stats

  • This quiz has been taken 572 times
    (388 since last reset)
  • The average score is 33 of 54

Answer Stats

MedalsAnswer% Correct
551United States
99%
187Australia
95%
43China
94%
43France
92%
23Russia
92%
72Germany
91%
80Japan
90%
49Canada
89%
22Italy
89%
8Spain
86%
14Brazil
83%
38Sweden
82%
73Hungary
80%
18South Africa
79%
59Netherlands
78%
6New Zealand
78%
2Mexico
75%
74Great Britain
73%
2Norway
73%
4Finland
72%
3Argentina
70%
6Poland
69%
7Ukraine
68%
14Denmark
67%
8Greece
66%
4South Korea
66%
59Soviet Union
66%
5Belgium
65%
4Ireland
64%
1Switzerland
62%
12Austria
61%
9Romania
61%
92East Germany
55%
1Serbia
55%
1Croatia
54%
1Lithuania
50%
2Slovakia
50%
1Slovenia
50%
3Bulgaria
49%
22West Germany
48%
2Cuba
47%
3Belarus
44%
2Yugoslavia
44%
1Singapore
37%
7Zimbabwe
36%
3Tunisia
35%
1Venezuela
29%
1Kazakhstan
26%
4Costa Rica
21%
10Unified Team
17%
2Philippines
15%
2Suriname
14%
1Trinidad and Tobago
13%
8Australasia
5%

Score Distribution

Percentile by Number Answered

Percent of People with Each Score

Your Score History

You have not taken this quiz since the last reset